000 00661nam a2200205Ia 4500
005 20260121110244.0
008 008 260114s9999 xx 000 0 hin d
020 _a9788132302025
037 _aEBOOK
040 _aCRL
_bhin
_cCRL
041 _ahin
_2hin
084 _qCRL
100 _aसोमनाथ आहूजा / Somnath Ahuja
_9943947
245 0 _aऔद्योगिक समाजशास्त्र / Audhyogik Samajshastra
260 _bभाषा प्रकाशन / Bhasha Prakashan
_c2020
856 _uhttps://bhashaprakashan.com/product-details/377885
942 _cEBOOK
999 _c1535612
_d1535612